000 00242nam a2200097Ia 4500
001 655694
005 20250826154541.0
008 250824s9999 xx 000 0 und d
245 0 _aON BEŞ TÜRK MASALI
_cADNAN BİNYAZAR
260 _bCAN YAYINLARI
999 _c655694
_d655694